[Event "ZN-2013-0-02287"]
[Site "LSS email"]
[Date "2013.04.29"]
[Round "?"]
[White "Ayaluru, Murali"]
[Black "Martin, Hector Eduardo Lope"]
[Result "0-1"]
[WhiteElo "910"]
[BlackElo "979"]
[PlyCount "76"]
[EventDate "2013.04.24"]
[EventType "match (corr)"]
[EventRounds "2"]
[EventCountry "GER"]
[SourceTitle "Corr 2022"]
[Source "ChessBase"]
[SourceDate "2021.10.24"]
[SourceVersion "1"]
[SourceVersionDate "2021.10.24"]
[SourceQuality "1"]

1. e4 e5 2. Nf3 Nc6 3. Bc4 Bc5 4. b4 Bxb4 5. c3 Ba5 6. d4 Nxd4 7. Nxd4 exd4 8. Qxd4 f6 9. Bxg8 Rxg8 10. 0-0 Bb6 11. Qd5 Rf8 12. Qh5+ Rf7 13. Qxh7 Qe7 14. Re1 d5 15. Ba3 Bc5 16. Nd2 Kd8 17. exd5 Qf8 18. Bxc5 Qxc5 19. Qg8+ Qf8 20. Qxf8+ Rxf8 21. c4 b6 22. f4 Bf5 23. h3 Kd7 24. g4 Bg6 25. f5 Bf7 26. Re4 Rae8 27. Rae1 Rxe4 28. Rxe4 Rg8 29. Nb3 g5 30. fxg6 Rxg6 31. Kg2 b5 32. Kg3 bxc4 33. Nc5+ Kd6 34. Ne6 Kxd5 35. Kf3 Bxe6 36. Kf4 Bxg4 37. hxg4 Rxg4+ 38. Kxg4 Kxe4 0-1

[Event "OP-2010-0-01060"]
[Site "LSS email"]
[Date "2010.01.24"]
[Round "?"]
[White "Ayaluru, Murali"]
[Black "Henke, Simon"]
[Result "0-1"]
[WhiteElo "444"]
[BlackElo "1454"]
[PlyCount "32"]
[EventDate "2010.01.20"]
[EventType "tourn (corr)"]
[EventRounds "4"]
[EventCountry "GER"]
[SourceTitle "Corr 2015"]
[Source "ChessBase"]
[SourceDate "2015.07.17"]
[SourceVersion "1"]
[SourceVersionDate "2015.07.17"]
[SourceQuality "1"]

1. e4 c5 2. Nf3 e6 3. d4 cxd4 4. Nxd4 Bc5 5. Nb3 Bb6 6. Nc3 Ne7 7. Bd3 0-0 8. 0-0 f5 9. Bg5 fxe4 10. Nxe4 d5 11. Ng3 h6 12. Bxe7 Qxe7 13. h3 Qh4 14. c4 dxc4 15. Bxc4 Qxc4 16. Re1 Bxf2+ 0-1